000 00699cam a2200193 4500
001 45505
090 _a45505
100 _a19940105d1945 m y0pory5003 ba
101 0 _apor
102 _aPT
200 1 _aO mundo mediterrânico do séc. XII a.C. ao séc. III d.C.
_eintroducão geográfico-económica
_fFlausino Torres
210 9 _aLisboa
_cEdições Cosmos,
_d1945
215 _a220 p.
_d19 cm
225 2 _aBiblioteca Cosmos
_h4.ª seccão
_v94-95.
_iPovos e civilizacões. Evolução da sociedade e suas instituições
_v6-7
532 1 2 _aˆO ‰mundo mediterrânico do século XII a.C. ao século III d.C.
675 _a94(4+7)
700 1 _aTorres,
_bFlausino,
_f1906-1974
801 0 _aPT
_bBN
_gRPC
990 _cLIVROS